000 00381nam a2200145Ia 4500
008 240729s9999 xx 000 0 und d
022 _a2450-551X
245 0 _aSafety & Defense
260 _aPoland
260 _bCentrum Rzeczoznawstwa Budowlanego
650 _aTechnology
856 _uhttps://doaj.org/toc/f9a99b8f0c214d84a80fd33549dafed7
942 _2ddc
942 _cDOAJEJ
999 _c68837
_d68837
945 _a1
_bMadushi Gamage
_c1
_dMadushi Gamage